Normal view
MARC view
Entry Personal Name
001 - CONTROL NUMBER
- control field: 11121
003 - CONTROL NUMBER IDENTIFIER
- control field: OSt
005 - DATE AND TIME OF LATEST TRANSACTION
- control field: 20160929181603.0
008 - FIXED-LENGTH DATA ELEMENTS
- fixed length control field: 160929|| aca||aabn | a|a d
040 ## - CATALOGING SOURCE
- Original cataloging agency: OSt
- Transcribing agency: OSt
100 ## - HEADING--PERSONAL NAME
- Personal name: Edited by Robert T. Grant, ;Constance M. Chen.
670 ## - SOURCE DATA FOUND
- Source citation: Work cat.: (OSt)1458: Edited by Robert T. Grant, ;Constance M. Chen., Cosmetic Surgery , c2010.
